Elaboración de una guía práctica para la evaluación de la calidad de energía dentro de C.N.F.L (primera parte: Sistemas de aterrizamiento en edificios)
Sparad:
| Huvudupphovsman: | |
|---|---|
| Materialtyp: | Bok |
| Publicerad: |
[San José, Costa Rica]
2007
|
| Ämnen: | |
| Taggar: |
Lägg till en tagg
Inga taggar, Lägg till första taggen!
|
MARC
| LEADER | 00000nam a2200000Ia 4500 | ||
|---|---|---|---|
| 003 | 009986 | ||
| 005 | 20221231144105.0 | ||
| 008 | 140114s2007 cr a 000 ||s d | ||
| 040 | |c cru CEDI | ||
| 090 | |a TFG 5515 | ||
| 100 | |a Víquez Barrantes, Irene |9 908 | ||
| 245 | |a Elaboración de una guía práctica para la evaluación de la calidad de energía dentro de C.N.F.L (primera parte: Sistemas de aterrizamiento en edificios) | ||
| 260 | |c 2007 |b [San José, Costa Rica] | ||
| 300 | |a x, 91 hojas; ilustraciones a color | ||
| 500 | |a Proyecto de graduación (bachillerato en ingeniería eléctrica)--Universidad de Costa Rica. Facultad de Ingeniería. Escuela de Ingeniería Eléctrica | ||
| 650 | |x COMPAÑIA NACIONAL DE FUERZA Y LUZ (COSTA RICA) |x CENTRALES ELECTRICAS |x CONTROL DE CALIDAD |x ESTABILIDAD DE SISTEMAS DE ENERGIA ELECTRICA |x SISTEMAS DE ENERGIA ELECTRICA |9 4708 | ||
| 942 | |c TFG | ||
| 999 | |c 16744 |d 16744 | ||
